000 00794nam a22001937a 4500
005 20240209105324.0
010 _aHIN-126843
020 _a9789390825004
_c450.00
035 _aHN-99189
037 _bDBAD/PUB
082 _a920
100 _aगुप्त,परशुराम
_961812
245 _aभारत के प्रतापी सम्राट/
_cपरशुराम गुप्त
250 _a1
260 _aनई दिल्ली
_bविद्या विकास एकेडेमी
_c2022
270 _a3637 नेताजी सुभाष मार्ग दरियागंज
_bनई दिल्ली
_e110002
300 _a192पृ.
_c22सेमी. (सजिल्द)
942 _2ddc
_cHN
_h920
_mगुप्तप
999 _c200591
_d200591